000 00997cam a2200325 a 4500
001 76338
005 20230410120720.0
008 070327s2007 fr b 001 0 fre d
035 _a14800281
925 0 _aacquire
_b1 shelf copy
_xpolicy default
942 _2lcc
_cbk
010 _a 2007426682
020 _a9782724610178
020 _a2724610172
035 _a(OCoLC)ocn104778525
040 _aTZT
_cTZT
_dCUY
_dDLC
042 _alccopycat
043 _ae-fr---
050 1 4 _aHQ799.F8
_bK13l 2007
100 1 _aKakpo, Nathalie.
245 1 2 _aL'islam, un recours pour les jeunes /
_cNathalie Kakpo.
260 _a[Paris] :
_bPresses de la fondation nationale des sciences politiques,
_cc2007.
300 _a197 p. ;
_c22 cm.
490 0 _aSocáetés en mouvement
504 _aIncludes bibliographical references (p. [191]-197) and index.
650 0 _aMuslim youth
_zFrance
_xSocial conditions.
923 _d20070330
_nB00080946
_sFrPJT
985 _eVENDOR LOAD
946 _aLD
999 _c50424
_d50424